Tự chữa những bệnh mà bạn muốn giấu

Sách tìm hiểu nguyên nhân, triệu chứng và cách chữa trị bệnh bằng những phương thuốc thích hợp cho những bệnh riêng của nam giới, bệnh riêng của nữ giới, bệnh chung của nam - nữ.

Kaydedildi:
Detaylı Bibliyografya
Yazar: Vương Thừa Ân
Materyal Türü: Kitap
Dil:Vietnamese
Baskı/Yayın Bilgisi: H. Hồng Đức 2021
Konular:
Etiketler: Etiketle
Etiket eklenmemiş, İlk siz ekleyin!
Thư viện lưu trữ: Thư viện Trường Đại học Nam Cần Thơ
LEADER 01023nam a22001937a 4500
001 NCT_4_010110
008 240618b xxu||||| |||| 00| 0 vie d
999 |c 8449  |d 8449 
020 |a 9786043188226  |c 58000 
082 0 4 |2 23rd ed.  |a 615.32  |b Â121 
100 1 |a Vương Thừa Ân 
245 1 0 |a Tự chữa những bệnh mà bạn muốn giấu  |c Lương y Vương Thừa Ân 
260 |a H.  |b Hồng Đức  |c 2021 
300 |a 202 tr.  |c 21cm 
520 3 |a Sách tìm hiểu nguyên nhân, triệu chứng và cách chữa trị bệnh bằng những phương thuốc thích hợp cho những bệnh riêng của nam giới, bệnh riêng của nữ giới, bệnh chung của nam - nữ. 
653 |a Dược học 
942 |2 ddc  |c BK 
952 |0 0  |1 0  |2 ddc  |4 0  |6 615_320000000000000_Â121  |7 0  |9 29216  |a 000001  |b 000001  |d 2024-06-21  |o 615.32 Â121  |p MD.22581  |r 2024-06-21  |v 58000.00  |w 2024-06-21  |y BK 
980 |a Thư viện Trường Đại học Nam Cần Thơ